Formel 1: Rekordsieger / Rennstrecke - Statistiken

Allgemein
  • Dieses Quiz wurde 210 mal gespielt
    209 seit der letzten Aktualisierung
  • Das Durchschnittsergebnis liegt bei 8 aus 13
Antwortstatistiken
Strecke 1.GP #GP meiste Siege #Siege % Korrekt
Hockenheim 🇩🇪 1970 37 Michael Schumacher 4
85%
Silverstone 🇬🇧 1950 58 Lewis Hamilton 8
80%
Imola 🇮🇹 1980 30 Michael Schumacher 7
76%
Monza 🇮🇹 1950 73 Michael Schumacher 5
72%
Spa-Francorchamps 🇧🇪 1950 56 Michael Schumacher 6
70%
Monaco 🇲🇨 1950 69 Ayrton Senna 6
69%
Interlagos 🇧🇷 1973 40 Michael Schumacher 4
68%
Nürburgring 🇩🇪 1951 41 Michael Schumacher 5
65%
Monza 🇮🇹 1950 73 Lewis Hamilton 5
59%
Österreichring / A1 / Spielberg 🇦🇹 1970 37 Max Verstappen 5
56%
Brands Hatch 🇬🇧 1967 14 Niki Lauda 3
33%
Kyalami 🇿🇦 1967 20 Niki Lauda 3
26%
Zandvoort 🇳🇱 1952 33 Jim Clark 4
12%
Keine übereinstimmenden Quizze gefunden
Verteilung der Resultate
Anzahl Personen mit jedem Resultat
Perzentil nach korrekt beantworteten Fragen
Ihre Resultats-Entwicklung
Sie haben dieses Quiz seit der letzten Aktualisierung nicht gespielt